000 00212 a2200097 4500
001 30176
100 _aKillilea, M
245 _aWith love from Karen
260 _aNewyork
_bDell Pub Co
_c
090 _c20119
_d20119
942 _aNUST-CAE
_cM
_c11247
999 _c265249
_d265249